000
00300nam a2200121Ia 4500
005
20251222144639.0
008
251222s9999||||xx |||||||||||||| ||spa||
082
_a
869.56/V66P/Ej.2
100
_a
Martos, MarcoVillanueva, Elsa
245
0
_a
Las Palabras de Trilce
264
_b
Seglusa
942
_c
LIB
999
_c
16594
_d
16594